000 01081nam0a22002771 4500
001 rc\3813871
005 20250530061709.0
021 _aRU
_b[76-65366]
035 _a(NLR Aleph) 007266217
090 _a5360566
_c5360566
100 _a20120329d1976 |||y0rusy50 ca
101 0 _arus
102 _aRU
105 _ay c |||||
200 1 _aМетодические указания к лекционному курсу "Телевидение"
_fПроф. П.В. Шмаков
_gЛенингр. электротехн. ин-т связи им. проф. М.А. Бонч-Бруевича
210 _aЛенинград
_cЛЭИС
_d1976
215 _a30 с.
_d21
320 _aСписок лит.: с. 29 (15 назв.)
532 1 3 _aМетодические указания к лекционному курсу Телевидение
606 _aТелевидение
_2psbo
700 1 _aШмаков
_bП.В.
_f1885-1982
_gПавел Васильевич
801 0 _aRU
_bNLR
_gpsbo
801 1 _aRU
_bELAR
_2rusmarc
852 _aNLR
_j77-6/536
942 _cBOOK
980 _aNB